00553nam a2200133Ia 4500008004100000100002200041245009600063245011100159260005300270260000900323300001100332650001500343856006100358170221s9999 xx 000 0 und d aBoris V. Ilkevich aModeling of Art Students’ Intellectual Motivating Training in Fundamentals of Philosophy  cBoris V. Ilkevich, Larisa T. Usmanova, Konstantin B. Ilkevich, Nataliya V. Solovyeva, Tatyana B. Lisitzina bInternational Review of Management and Marketing c2016 a6 : 2S xMarketing. uhttp://www.econjournals.com/index.php/irmm/issue/view/71